000 01216nam a2200277Ia 4500
003 OSt
005 20221005111550.0
006 a|||||r|||| 00| 0
007 ta
008 221004b |||||||| |||| 00| 0 hin d
020 _a9788126021703 (pbk)
_cINR 200.00
024 _a37036
037 _bBW/1664, 14/03/2018, Bookwell
_cTextual
040 _aCRL
_cCRL
_bhin
041 _2hin
_ahin
082 _aQ1:g(Y:1), 152Q7
100 _aजोशी, तर्कतीर्थ लक्ष्मणशास्त्री
_9624204
245 0 _aवैदिक संस्कृति का विकास
246 _aVaidik sanskṛuti kā vikāsa
260 _aनई दिल्ली
_bसाहित्य अकादेमी भारत
_c2017
300 _a360पृ0
_ccm.
650 _aधर्म
700 _a पराड़कर, मोरेश्वर दिनकर, अनु.
_9624205
942 _hQ1:g(Y:1), 152Q7
_cTEXL
_2cc
999 _c1022185
_d1022185